Villes d'Auvergne-Rhône-Alpes -Click Quiz (difficile) - Statistiques

Statistiques générales
  • Ce quiz a été pris 208 fois
  • Le résultat moyen est 11 sur 20
Statistiques - réponses
Hint Réponse % Correct
Nantua Ain
74%
Meyzieu Rhône
66%
Saint-Julien-en-Genevois Haute-Savoie
64%
Issoire Puy-de-Dôme
64%
Vallon-Pont-d'Arc Ardèche
63%
l'Isle-D'abeau Isère
63%
Saint-Chamond Loire
62%
Saint-Jean-de-Maurienne Savoie
62%
Nyons Drôme
58%
Saint-Flour Cantal
57%
Brioude Haute-Loire
52%
Bonneville Haute-Savoie
51%
Le Teil Ardèche
49%
Crest Drôme
49%
Le Bourg-d'Oisans Isère
49%
Bourg-de-Péage Drôme
48%
Yzeure Allier
47%
Le Chambon-sur-Lignon Haute-Loire
38%
Divonne-les-Bains Ain
32%
Lus-la-Croix-Haute Drôme
20%
Aucun quiz correspondant
Distribution des résultats
% des personnes avec chaque résultat
Percentile par nombre de réponses
Votre historique - résultats
Vous n’avez pas pris ce quiz